Statistiques concernant Quel est ce Pokémon ? par image #6

Cliquez ici pour prendre le quiz!

Statistiques générales

  • Ce quiz a été pris 40 fois
  • Le résultat moyen est 11 sur 16

Statistiques - réponses

Réponse% Correct
Lixy
97%
Ectoplasma
95%
Staross
95%
Draby
89%
Elekable
89%
Zygarde
81%
Démanta
76%
Tritonde
70%
Fragilady
62%
Limonde de galar
59%
Zarude
59%
Charkos
57%
Cosmovum
57%
Ecaïd
46%
Arboliva
38%
Hydragla
35%

Distribution des résultats

Percentile par nombre de réponses

% des personnes avec chaque résultat

Votre développement - résultats

Vous n’avez pas pris ce quiz